Central Library OPAC University of Rajshahi

Tables of the hypergeometric probability distribution / (Record no. 50766)

MARC details
000 -LEADER
fixed length control field 01007nam a2200277 a 4500
001 - CONTROL NUMBER
control field 50766
003 - CONTROL NUMBER IDENTIFIER
rucl marc code BD-RjUL
005 - DATE AND TIME OF LATEST TRANSACTION
control field 20211209075548.0
008 - FIXED-LENGTH DATA ELEMENTS--GENERAL INFORMATION
fixed length control field 160828s19711961cau b 000 0 eng
020 ## - INTERNATIONAL STANDARD BOOK NUMBER
International Standard Book Number 0804700575
035 ## - SYSTEM CONTROL NUMBER
System control number (BD-RjUL) 50886
040 ## - CATALOGING SOURCE
Original cataloging agency DLC/ICU
Transcribing agency ICU
Modifying agency DLC
-- BD-RjUL
Language of cataloging eng
041 ## - LANGUAGE CODE
Language code of text/sound track or separate title eng
082 00 - DEWEY DECIMAL CLASSIFICATION NUMBER
Classification number 515.55
Edition number 23
Author mark and year LIT 1971
100 1# - MAIN ENTRY--PERSONAL NAME
Personal name Lieberman, Gerald J.
9 (RLIN) 151973
245 10 - TITLE STATEMENT
Title Tables of the hypergeometric probability distribution /
Statement of responsibility, etc. Gerald J. Lieberman, Donald B. Owen.
260 ## - PUBLICATION, DISTRIBUTION, ETC. (IMPRINT)
Place of publication, distribution, etc. Stanford, Calif. :
Name of publisher, distributor, etc. Stanford University Press,
Date of publication, distribution, etc. c1961 [Printing 1971]
300 ## - PHYSICAL DESCRIPTION
Pagination 726 p. ;
Size 25 cm.
490 1# - SERIES STATEMENT
Series statement Stanford studies in mathematics and statistics ;
Volume/sequential designation 3
504 ## - BIBLIOGRAPHY, ETC. NOTE
Bibliography, etc Includes bibliography.
650 #0 - SUBJECT ADDED ENTRY--TOPICAL TERM
Topical term or geographic name as entry element Hypergeometric distribution
General subdivision Tables.
9 (RLIN) 151974
Topical term or geographic name as entry element Hypergeometric functions.
9 (RLIN) 151975
700 1# - ADDED ENTRY--PERSONAL NAME
Personal name Owen, D. B.
Fuller form of name (Donald Bruce),
Dates associated with a name 1922-
Relator term joint author.
830 #0 - SERIES ADDED ENTRY--UNIFORM TITLE
Uniform title Stanford studies in mathematics and statistics ;
Volume number/sequential designation 3.
942 ## - ADDED ENTRY ELEMENTS (KOHA)
Source of classification or shelving scheme Dewey Decimal Classification
Koha item type Books
Holdings
Lost status Source of classification or shelving scheme Damaged status Not for loan Collection code Permanent Location Current Location Shelving location Date acquired Total Checkouts Full call number Date last seen Copy number Koha item type Source of acquisition Cost, normal purchase price
  Dewey Decimal Classification     Non-fiction Central Library, University of Rajshahi Central Library, University of Rajshahi   05/09/1990   515.55 LIT 1971 28/08/2016 C-2 Books    
  Dewey Decimal Classification   Not For Loan Non-fiction Central Library, University of Rajshahi Central Library, University of Rajshahi Reading Room 05/09/1990   515.55 LIT 1971 28/08/2016 C-1 Books    
  Dewey Decimal Classification     Non-fiction Central Library, University of Rajshahi Central Library, University of Rajshahi   29/08/1990   515.55 LIT 1971 13/04/2017 C-3 Books Asia Foundation 0.00